| 000 | 00837nam a2200241 a 4500 | ||
|---|---|---|---|
| 005 | 20250607063839.0 | ||
| 008 | 991125 2003 mx 000 0 spa u | ||
| 020 | _a9687542322 | ||
| 035 | _aUPN01000132846 | ||
| 049 | _aCG | ||
| 050 | 4 |
_aLA9 _bH5.6 |
|
| 245 | 0 | 0 |
_aHistoriografía de la educación en México / _ccoord. Luz Elena Galván Lafarga. |
| 260 |
_aMéxico : _bCOMIE, _c2003. |
||
| 300 | _a400 p. | ||
| 440 | 3 |
_aLa investigación educativa en México : 1992-2002 ; _v10 |
|
| 590 | _aBibliografía Básica (BGTQ) | ||
| 590 | _a(También localizas un ejemplar en el "Area de Reserva") | ||
| 650 | 4 |
_aEDUCACION - _xHISTORIOGRAFIA _97140 |
|
| 650 | 4 |
_aEducación _xInvestigación _vCongresos _914375 |
|
| 650 | 4 |
_aEducación _zMéxico _xHistoria _9187 |
|
| 700 | 1 |
_aGalván Lafarga, Luz Elena, _ecoord. _937756 |
|
| 905 | _aLibro | ||
| 999 |
_c105000 _d105000 |
||